| 000 | 00533nam a22002177a 4500 | ||
|---|---|---|---|
| 003 | UA-OsUOA | ||
| 001 | 36392 | ||
| 007 | ta | ||
| 008 | 20060919b un ||||| |||| 00| 0 ukr d | ||
| 090 | _a012 | ||
| 942 | _cBR | ||
| 040 |
_aUA-OsUOA _bukr _cUA-OsUOA _dUA-OsUOA |
||
| 245 | _aАкадемій Жуковський. Бібліографія (до 75-річчя від дня народження) | ||
| 300 | _a23 с. | ||
| 955 | _a1 | ||
| 041 | _aukr | ||
| 080 | _a012 | ||
| 260 |
_aК. _c1997 |
||
| 650 | 7 | _2UDC | |
| 999 |
_c434923 _d434923 |
||